Statistics for Top 15 Countries with Covid-19 Cases - 7 Apr 2021

Click here to take the quiz!

General Stats

  • This quiz has been taken 19 times
  • The average score is 19 of 28

Answer Stats

country% Correct
France
100%
Russia
100%
Spain
100%
United States
100%
Brazil
95%
Germany
95%
Italy
95%
United Kingdom
95%
India
89%
Poland
89%
Argentina
84%
Mexico
79%
Portugal
79%
Turkey
79%
Iran
74%
Colombia
63%
Netherlands
63%
Sweden
63%
Belgium
58%
Czechia
42%
Estonia
42%
Hungary
42%
Israel
42%
Lithuania
37%
Panama
37%
Slovenia
37%
Bahrain
26%
Serbia
16%

Score Distribution

Percentile by Number Answered

Percent of People with Each Score

Your Score History

You have not taken this quiz